书目信息 |
| 题名: |
摄谱仪器
|
|
| 作者: | 《摄谱仪器》编写组编著 | |
| 分册: | ||
| 出版信息: | 北京 机械工业出版社 1978 |
|
| 页数: | 220页 | |
| 开本: | 19cm | |
| 丛书名: | 光学仪器丛书 | |
| 单 册: | ||
| 中图分类: | TH744.13 | |
| 科图分类: | ||
| 主题词: | 摄谱仪 | |
| 电子资源: | ||
| ISBN: | ||
| 000 | 00581nam2 2200229 45 | |
| 001 | 0178002417 | |
| 005 | 20060731151254.73 | |
| 010 | @dCNY0.58 | |
| 091 | @a15033.4436 | |
| 100 | @a19950731d1978 em y0chiy0121 ea | |
| 101 | 0 | @achi |
| 102 | @aCN@b110000 | |
| 105 | @ay z 000yy | |
| 200 | 10 | @a摄谱仪器@Ashe pu yi qi@f《摄谱仪器》编写组编著 |
| 210 | @a北京@c机械工业出版社@d1978 | |
| 215 | @a220页@d19cm | |
| 225 | 2 | @a光学仪器丛书 |
| 410 | 0 | @120010@a光学仪器丛书 |
| 606 | @a摄谱仪 | |
| 690 | @aTH744.13@v3 | |
| 801 | 0 | @aCN@bTSSF@c20060731 |
| 905 | @a10447@dTH744.13@e34 | |
| 摄谱仪器/《摄谱仪器》编写组编著.-北京:机械工业出版社,1978 |
| 220页;19cm.-(光学仪器丛书) |
| ISBN :CNY0.58 |
| ● |
| 相关链接 |
|
|
|
|
正题名:摄谱仪器
索取号:TH744.13/34
 
预约/预借
| 序号 | 登录号 | 条形码 | 馆藏地/架位号 | 状态 | 备注 |
| 1 | 0434185 | 204341854 | 密集书库/ [索取号:TH744.13/34] | 在馆 | |
| 2 | 0438428 | 204384282 | 密集书库/ [索取号:TH744.13/34] | 在馆 |